My favorite Eminem songs - Statistics

General Stats
  • This quiz has been taken 37 times
  • The average score is 17 of 50
Answer Stats
Rank Song % Correct
2. Stan
86%
4. The Real Slim Shady
86%
10. Without Me
82%
35. Godzilla
73%
1. Lose Yourself
68%
11. The Monster
68%
21. Love The Way You Lie
64%
8. My Name Is
64%
23. Rap God
64%
5. Mockingbird
59%
26. Superman
59%
15. Not Afraid
55%
6. Till I Collapse
50%
19. The Way I Am
45%
7. Sing For The Moment
41%
45. Venom
41%
13. Beautiful
36%
3. Cleanin' Out My Closet
36%
18. Like Toy Soldiers
36%
25. Crack A Bottle
32%
14. Guilty Conscience
32%
48. Killshot
32%
39. Kill You
32%
24. Kim
32%
16. When I'm Gone
32%
43. White America
32%
37. Just Lose It
27%
22. Marshall Mathers
27%
29. Role Model
27%
34. Shake That
27%
38. Criminal
23%
9. Hailie's Song
23%
12. No Love
23%
20. Space Bound
23%
49. Tobey
23%
31. '97 Bonnie & Clyde
14%
17. Business
14%
36. Cinderella Man
14%
41. Lucky You
14%
50. My Dad's Gone Crazy
14%
47. My Fault
14%
32. Square Dance
14%
44. Under The Influence
14%
40. Bitch Please II
5%
46. Cold Wind Blows
5%
27. Deja Vu
5%
33. Never Enough
5%
42. Rain Man
5%
28. Insane
0%
30. Still Don't Give A Fuck
0%
No matching quizzes found
Score Distribution
Percent of People with Each Score
Percentile by Number Answered
Your Score History
You have not taken this quiz